Nations never to qualify for the European Championships by FIFA rank - Statistics

General Stats
  • This quiz has been taken 18 times
  • The average score is 14 of 18
Answer Stats
#Rank Answer % Correct
173 Andorra
86%
126 Cyprus
86%
78 Kosovo
86%
206 Liechtenstein
86%
148 Lithuania
86%
98 Luxembourg
86%
161 Malta
86%
211 San Marino
86%
129 Estonia
79%
203 Gibraltar
79%
124 Azerbaijan
71%
159 Moldova
71%
81 Montenegro
71%
106 Armenia
64%
97 Belarus
64%
123 Faroe Islands
64%
110 Kazakhstan
64%
65 Bosnia & Herzegovina
57%
No matching quizzes found
Score Distribution
Percent of People with Each Score
Percentile by Number Answered
Your Score History
You have not taken this quiz